15 cidades mais populosas do Acre - Statistics

Estatísticas Gerais
  • Esse quiz foi jogado 106 vezes
  • A pontuação média é 9 de 15
Estatísticas das Respostas
Nº de Habitantes Letra Inicial Cidade % Correto
370.550 R Rio Branco
100%
81.519 C Cruzeiro do Sul
82%
41.750 S Sena Madureira
73%
17.608 X Xapuri
69%
13.869 A Acrelândia
60%
23.849 B Brasileia
60%
32.385 F Feijó
58%
16.731 E Epitaciolândia
53%
21.182 S Senador Guiomard
53%
18.159 P Plácido de Castro
49%
38.819 T Tarauacá
49%
16.757 P Porto Acre
42%
17.173 M Mâncio Lima
40%
16.895 M Marechal Thaumaturgo
40%
16.974 R Rodrigues Alves
31%
Nenhum quiz correspondente encontrado
Distribuição das Pontuações
Porcentagem de Pessoas com Cada Pontuação
Percentil de Números Respondidos
Sua Pontuação Histórica
Você não jogou esse quiz